Redistributive taxation as social insurance (Registro nro. 25777)

Detalles MARC
000 -LEADER
fixed length control field 00334 a2200109 4500
001 - CONTROL NUMBER
control field ART_11731
005 - DATE AND TIME OF LATEST TRANSACTION
control field 20260410161859.0
008 - FIXED-LENGTH DATA ELEMENTS--GENERAL INFORMATION
fixed length control field 260409a
100 1# - MAIN ENTRY--PERSONAL NAME
Personal name Varian, Hal R.
245 10 - TITLE STATEMENT
Title Redistributive taxation as social insurance
773 0# - HOST ITEM ENTRY
Title Journal of public economics
Related parts - Vol. 14, Nº 1 (ago. 1980)
Record control number REV11485

No hay ítems disponibles.